Escuela Especial de Tejidos de Punto de la Diputación Procincial de Barcelona. Canet de Mar
Descripción Física:
16 p. ; 17 cm
MARC
| LEADER | 00000nam a2200000Ia 4500 | ||
|---|---|---|---|
| 001 | 11792 | ||
| 008 | 160829s1950 xx 000 0 cat d | ||
| 080 | |a FU-3-22 | ||
| 100 | |a Escuela Especial de Tejidos de Punto (Canet de Mar) | ||
| 245 | |a Escuela Especial de Tejidos de Punto de la Diputación Procincial de Barcelona. Canet de Mar | ||
| 260 | |a (Barcelona : |b Imp. Escola Casa de Caritat), |c 1950 | ||
| 300 | |a 16 p. ; |c 17 cm | ||
| 650 | |a Escuela Especial de Tejidos de Punto (Canet de Mar) |x Programa d'admissió |9 22808 | ||
| 856 | 4 | |u https://media.diba.cat/diba/fitxers/arxiu/fulletons/bib_11792_baixa.pdf |y Accés lliure | |
| 856 | 4 | |u https://media.diba.cat/diba/fitxers/arxiu/fulletons/bib_11792_baixa.pdf |y Accés lliure | |
| 901 | |a Arxiu | ||
| 942 | |n 1 |2 udc | ||
| 952 | |0 0 |1 0 |4 0 |6 FU322 |7 1 |9 42345 |a Arxiu |b Arxiu |d 2016-12-01 |l 0 |o FU-3-22 |p 11792 |r 2016-12-01 00:00:00 |w 2016-12-01 |y ARXIU | ||
| 999 | |c 44823 |d 44823 | ||
| 900 | |a bib_11792_baixa.pdf | ||